One Piece - Lettre T - Statistiques

Statistiques générales
  • Ce quiz a été pris 82 fois
    66 depuis la dernière actualisation
  • Le résultat moyen est 14 sur 25
Statistiques - réponses
Indice Réponse % Correct
Charpentier légendaire, constructeur du Oro Jackson Tom
97%
Île fantôme dirigé par Gecko Moria Thriller Bark
92%
Empereur des mers fils de Xebec Teach
86%
Compagnon du Vice - Admiral Smoker, son rêve est réunir les 21 grandes lames Tashigi
85%
Bateau actuelle de l'équipage au chapeau de paille construit en bois d'Adam Thousand Sunny
85%
Peuple minuscule mais puissant de Dressrosa Tontatta
85%
Se que chasse continuellement les pirates Trésor
85%
Vice-amirale légendaire, collègue de Sengoku et Garp Tsuru
78%
Studio qui a repris l'animation de One Piece Toei
75%
Commandant de Barbe Blanche, assassiné par barbe noire Thatch
69%
Lieutenant de la Don Quichotte Family jugé très dangereux par Robin Trébol
68%
Fille angélique du clan Kurozumi, aidant l'alliance à prendre d'assaut Onigashima Tama
64%
personne habile avec une arme à feu ou bien un lance-pierre dans un équipage Tireur d'élite
61%
Archipel gouverné par Big Mom, chaque île a un thème sucré Totto Land
58%
Petite fille d'Ebisu au sourire Eternel, son père a été exécuté par Orochi Toko
51%
Caractéristique corporelle permettant de décrire un pirate, comme Law par exemple Tatouage
47%
Moyen de déplacement qui dessert notamment Water 7 et Enies Lobby Train des mers
47%
Vice - Amiral de la marine surnommé "Le Pourfendeur de Vaisseaux" T - Bone
41%
Pont en construction forcée, symbole d’oppression du Gouvernement Mondial Tequila Wolf
36%
Endroit dans Grand Line enveloppé d'un épais brouillard, cimetière de bateau Triangle de Florian
34%
terme qui décrit le son qui retentit lorsque l'avènement de Joy Boy / Nika se produit Tambours de la libération
20%
Nomade de Long Ring Long Land qui est monté sur des échasses pendant 10 ans Tonjit
20%
Commandant surnommé "le Cavalier" dans l'équipage de Big Mom Tamago
19%
taxe que les pays affiliés au Gouvernement Mondial doivent payer Tribut Céleste
19%
Endroit étant considéré comme le centre du monde ( précisément le centre ) Trône Vacant
17%
Aucun quiz correspondant
Distribution des résultats
% des personnes avec chaque résultat
Percentile par nombre de réponses
Votre historique - résultats
Vous n’avez pas pris ce quiz depuis la dernière actualisation